000 01412nam0a2200361 i 4500
001 RU\NLR\bibl\1954051
005 20260406014329.0
010 _a9785905799600
_94000
021 _aRU
_b2012-70834
_95215
035 _a(nilc)RSL-KNO-005498186
035 _a(NLR Aleph) 001943154
090 _a3593313
_c3593313
100 _a20120920d2012 u y0rusy50 ca
101 1 _arus
_cger
102 _aRU
105 _aa z |||||
200 1 _aМама, я ухожу из дома!
_e[рассказы
_eдля чтения взрослыми детям]
_fБригитта Венингер
_g[пер. с нем. Елены Хохловой
_gил. Штефани Роэ]
210 _aСанкт-Петербург
_cАкварель
_cКоманда А
_d2012
215 _a58, [3] с.
_cцв. ил.
_d23
225 1 _aМико и Мимико
225 1 _aЧитают все
327 1 _aСодердж.: Куда пропал Мимико?; Мама, я ухожу из дома!
686 _aШ9(2)70(4Г)
_2rubbk
686 _aШ9(4Г)60-4
700 1 _4070
_7ca
_8rus
_aВенингер
_bБ.
_f1960-
_gБригитта
_9102745
_3RU\NLR\auth\77119820
702 1 _aРоэ
_bШ.
_gШтефани
_4440
801 0 _aRU
_bRuMoRKP
_c20120920
_grcr
801 1 _aRU
_bРГБ
_c20120920
801 2 _aRU
_bNLR
_c20121011
_grcr
942 _cBOOK
980 _aNBR